000 00759nas a2200277 4500
001 BR7900523
003 BR-BrBNA
005 20231205083622.0
007 ta
008 230509b bl.|||p| |||| 00| 00por d
040 _aBR-BrBNA
_bpor
_cBiblioteca Nacional de Agricultura
041 _a(Pt)
072 _aL73
100 1 _aReichann, C.E.
100 1 _aPiegas, N.S.
100 1 _aJuly, J.R.
100 1 _aBirgel, E.H.
245 1 _aEctima contagioso em caprinos no estado de Sao Paulo [Brasil]
650 _aCAPRINO
650 _aEPIDEMIA
650 _aLESAO
650 _aSAO PAULO
773 0 _tCientifica (Brazil)
_xISSN 0100-0039
_g(1978), v. 6(1) p. 131-134
_wBR7900523
909 _a202311
_bLúcia
_c55
_dLúcia Elande
942 _2AGRIS
_n0
_cANA
999 _c100091
_d100091